United States 'I' Geography Quiz Stats

 Plays Quiz Updated Oct 8, 2018

Score 0/15 Timer 05:00
0 Plays Today
Hint Answer % Correct
Great Lakes state that is home to ChicagoIllinois
95.1%
Northwestern state known for its potato industryIdaho
94.2%
Midwest state directly south of MinnesotaIowa
93.6%
Capital and largest city of the Hoosier StateIndianapolis
87%
City in New York that is home to Cornell UniversityIthaca
69.1%
Historically significant Native American confederacy from the Great Lakes regionIroquois Confederacy
51.5%
General term describing a land area set aside by the US government for Native American resettlementIndian Territory
44.8%
Dallas suburb and former home to the Dallas CowboysIrving
44.2%
Hint Answer % Correct
A master-planned city in Orange County, CaliforniaIrvine
40.9%
Los Angeles suburb and future home of the NFL's Rams and ChargersInglewood
38.5%
The fifth-largest city in Missouri and a satellite of Kansas CityIndependence
29.4%
A National Park located in Lake SuperiorIsle Royale National Park
16.4%
California surfing city known for being the most Southwestern in the continental USImperial Beach
8.2%
Nevada census-designated place along the shores of Lake TahoeIncline Village
7.7%
US National Forest that is home to Mt. WhitneyInyo
7.2%

You're not logged in!

Compare scores with friends on all Sporcle quizzes.
OR
Log In

Sporcle TV

Today on Sporcle TV


Watch our educational content, quiz creation guides, and fun videos on Sporcle TV.

Show Comments

Extras

Top Quizzes Today


Score Distribution

Your Account Isn't Verified!

In order to create a playlist on Sporcle, you need to verify the email address you used during registration. Go to your Sporcle Settings to finish the process.

Report this User

Report this user for behavior that violates our Community Guidelines.

Details: